LEADER 01889nas a2200289 i 4500 001 000000002763 003 CaOOAMICUS 005 20210507175434.0 008 180830c19219999fr qr p u0 0fre r 022 $a0035-2403 040 $aSeMil$bita 245 00$aRevue d'Histoire et de Philosophie Religieuses /$cpubliée par la Faculté de Théologie Protestante de l'Université de Strasbourg. 260 $aParis :$bPresses Universitaires de France,$c1921- 310 $aTrimestrale 362 0 $a1921- 510 4 $aCod. rivista ACNP:$cP 58223 700 1 $aCausse, Antonin,$d<1877-1942>.$0(OLS)http://semarc/name/2200 710 2 $aFaculté de Theologie Protestante$g.$0(OLS)http://semarc/name/1930 710 2 $aUniversité Marc Bloch : Faculté de Théologie Protestante$g .$0(OLS)http://semarc/name/2201 710 2 $aFaculté de Théologie Protestante$g.$0(OLS)http://semarc/name/2199 850 $aSeMil 852 $aSeMil$W1$xVenegono$y1$pCliccare per visualizzare collocazione, posseduto cumulativo e fascicoli ricevuti dell?annata corrente

Cliccare per visualizzare eventuali spogli (alla eventuale voce ?Indici? in fondo di pagina)$B228019$CSeMilBibl$Z2$F228019 $85 961 $aPubblicazione in abbonamento 996 $6022$a0035-2403$9(OLS)http://semarc/number/457 996 $6245$aRevue d'Histoire et de Philosophie Religieuses$9(OLS)http://semarc/title/4689 996 $6260$aParis :$bPresses Universitaires de France$9(OLS)http://semarc/publisher/30047 LEADER 01047nam a2200253 i 4500 001 000000183290 003 CaOOAMICUS 005 20220502113741.0 008 091111s1970 be u000 u ger u 013 $a161257 040 $aSeMil$bita 100 1 $aVööbus, Arthur,$d<1909-1988>.$0(OLS)http://semarc/name/9957 245 10$a1.B. 300 $aP. [263]-620 ;$c25 cm 490 1 $aCorpus Scriptorum Christianorum Orientalium ;$v317 490 1 $aCorpus Scriptorum Christianorum Orientalium. Subsidia ;$v38 773 0 $aVööbus, Arthur <1909-1988>$t1: Westsyrische Originalurkunden.$dLouvain : CorpusSCO, 1970.$w()22409 830 0$aCorpus Scriptorum Christianorum Orientalium ;$v317.$0(OLS)http://semarc/title/77 830 0$aCorpus Scriptorum Christianorum Orientalium. Subsidia ;$v38.$0(OLS)http://semarc/title/9539 850 $aSeMil 852 $aSeMil$W1$xVenegono$y1$m2S III 317$j133992$B133992$CSeMilBibl$Z2$F145649 $81 961 $aOmaggio: Altro 996 $6245$a1.B$9(OLS)http://semarc/title/263077